Le nouveau Moyen Age
Saved in:
| Main Author: | |
|---|---|
| Format: | Book |
| Language: | French |
| Published: |
[Paris] :
Gallimard,
c1993
|
| Subjects: | |
| Tags: |
Add Tag
No Tags, Be the first to tag this record!
|
MARC
| LEADER | 00000nam a2200000 i 4500 | ||
|---|---|---|---|
| 001 | 1/77256 | ||
| 008 | 980819s1993 fre d | ||
| 020 | |a 2-07-073694-6 | ||
| 035 | |l 10032615 | ||
| 035 | |a 1994 |b 3 |c Καϊλα | ||
| 040 | |a GR-MY-UA |b gre |e aacr | ||
| 041 | 0 | |a fre | |
| 082 | 0 | |a 909.829 |2 (20) | |
| 100 | 1 | |a Minc, Alain. | |
| 245 | 1 | 3 | |a Le nouveau Moyen Age / |c Alain Minc |
| 260 | |a [Paris] : |b Gallimard, |c c1993 | ||
| 300 | |a 249 p.; |c 21 cm | ||
| 650 | 0 | 0 | |a World politics |y 1989- |
| 650 | 0 | 0 | |a Civilization, Modern |y 1950- |
| 852 | |a INST |b RHODES |e 19980819 |h 909.829 MIN |p 005400007623 |q 005400007623 |t BK |y 0 | ||
| 909 | |a Ρ |b 038028 |c 1994 | ||